000
00200 a2200097 4500
020
_a
9781786283832
041
_a
spa
100
_a
Courtney Dicmas
245
_a
Que locura ala hora de jugar
942
_c
K
999
_c
26598
_d
26598